000
00281nam a22001097a 4500
008
230621b xxu||||| |||| 00| 0 eng d
082
_a
327.17
_b
SAN 1982
245
_a
Politicians for Peace
260
_a
USA
_b
Parliamentarians for World Order
_c
1982
300
_a
20p
942
_2
ddc
_c
BK
999
_c
1999
_d
1999